LEADER 01494cam0-22004811i-450- 001 990006038220403321 005 20140703113956.0 010 $a88-02-03849-X 035 $a000603822 035 $aFED01000603822 035 $a(Aleph)000603822FED01 035 $a000603822 100 $a20000112d1983----km-y0itay50------ba 101 2 $agrc$aita 102 $aIT 105 $ac---a---001by 200 1 $aCommedie$fdi Aristofane$ga cura di Giuseppe Mastromarco 210 $aTorino$cUTET$d1983 215 $a658 p.$d23 cm 225 1 $aClassici greci 303 $aTesto originale a fronte 327 0 $a1.: Contiene Acarnesi, Cavalieri, Nuvole, Vespe, Pace 500 10$aAcharnenses$m$917920 500 10$aEquites$m$919484 500 10$aNubes$m$917940 500 10$aPax$m$917942 500 10$aVespae$m$917941 676 $a882.01 700 0$aAristophanes$f$0160835 702 1$aMastromarco,$bGiuseppe 801 0$aIT$bUNINA$gRICA$2UNIMARC 901 $aBK 912 $a990006038220403321 952 $aIV M 271 (1)$b5188*$fFGBC 952 $aP2B-600-UTET-ARISTOPH.-200A(1)-1983$bBibl. 58460$fFLFBC 952 $aDirez.$b6794 ddr$fDDR 959 $aFLFBC 996 $aEquites$919484 996 $aVespae$917941 996 $aPax$917942 996 $aNubes$917940 996 $aAcharnenses$917920 997 $aUNINA LEADER 01023nam0-22003611i-450- 001 990003143900403321 010 $a958-648-057-7 035 $a000314390 035 $aFED01000314390 035 $a(Aleph)000314390FED01 035 $a000314390 100 $a20000920d1993----km-y0itay50------ba 101 0 $aita 102 $aIT 200 1 $aNunca aceptes carabelas de desconocidos$fEduardo Missoni, Mara? Inés Bussi. 210 $aSantafé de Bogot$dD.C.$cEcoe$d1993. 215 $aVIII, 244 p., app.$d24 cm 610 0 $aCooperazione internazionale 610 0 $aPaesi in via di sviluppo$aAiuti e assistenza 676 $aF/1.211 676 $aF/1.212 676 $aO/1.341 676 $aO/1.343 702 1$aBussi,$bMaria Inés 702 1$aMissoni,$bEduardo 801 0$aIT$bUNINA$gRICA$2UNIMARC 901 $aBK 912 $a990003143900403321 952 $aO/1.343 MIS$b17275$fSES 959 $aSES 996 $aNunca aceptes carabelas de desconocidos$9455934 997 $aUNINA DB $aING01 LEADER 01092nam a2200265 i 4500 001 991004391319207536 005 20250626105008.0 008 250626s1844 fr er 001 0 fre d 040 $aBibl. Dip.le Aggr. Studi Umanistici - Sez. Filosofia$bita$cSocioculturale Scs 041 0 $afre 082 04$a273.7$223 082 04$a239.7$223 100 1 $aPascal, Blaise$028760 240 14$aLes Provinciales 245 14$aLes provinciales, ou Les lettres écrites par Louis de Montalte a un provincial de ses amis et aux rr. pp. jésuites, sur le sujet de la morale et de la politique de ces pères :$bsuivies des avis, requêtes, etc., des curés de Paris et de Rouen 260 $aA Paris :$bchez Lefèvre, éditeur,$c1844 300 $aXXXII, 544 p. ;$c16 cm 490 1 $aCollection des classiques français 600 14$aPascal, Blaise. Lettere provinciali 650 4$aGesuiti$xDisciplina$xDispute$vOpere anteriori al 1800 651 4$aGesuiti$xMorale 830 0$aCollection des classiques français 912 $a991004391319207536 996 $aProvinciales$914789 997 $aUNISALENTO